| Tag |
First Indicator |
Second Indicator |
Subfields |
| LEADER |
00000cgm a2200000 a 4500 |
| 001 |
in00000024940 |
| 005 |
20151007055648.0 |
| 007 |
vf cnaho- |
| 008 |
850410p19831956xxu100 g vlchi d |
| 035 |
|
|
|a (OCoLC)11904222
|
| 035 |
|
|
|9 AAB8913AM
|
| 040 |
|
|
|a ORU
|c ORU
|d TKN
|d m/c
|d TXA
|d UtOrBLW
|
| 041 |
|
|
|a chi
|j eng
|
| 049 |
|
|
|a TXAV [A10162411]
|
| 090 |
|
|
|a PN1995.9.F67
|b C48 1983
|
| 245 |
0 |
0 |
|a Chu fu :
|b New year sacrifice /
|c China Film Export and Import Corporation ; directed by Sang Hu ; written by Lu Xum.
|
| 264 |
|
1 |
|a San Francisco, CA :
|b China Video Movies,
|c [1983?]
|
| 300 |
|
|
|a 1 videocassette (approximately 100 min.) :
|b sound, color ;
|c 1/2 in.
|
| 336 |
|
|
|a two-dimensional moving image
|b tdi
|2 rdacontent
|
| 337 |
|
|
|a video
|b v
|2 rdamedia
|
| 338 |
|
|
|a videocassette
|b vf
|2 rdacarrier
|
| 490 |
1 |
|
|a China video movies
|
| 538 |
|
|
|a VHS.
|
| 511 |
0 |
|
|a Bai Yang, Wei Heling.
|
| 500 |
|
|
|a Videocassette release of the 1956 motion picture.
|
| 500 |
|
|
|a Based on the novel by Lu Hsun.
|
| 500 |
|
|
|a Chinese with English subtitles.
|
| 521 |
|
|
|a Chinese.
|
| 520 |
|
|
|a Portrays the tragic life of Xianglan, a Chinese peasant woman, during the Chinese Revolution of 1911.
|
| 500 |
|
|
|a "1001."
|
| 500 |
|
|
|a Videorecording.
|
| 650 |
|
0 |
|a Feature films.
|
| 650 |
|
0 |
|a Foreign films.
|
| 700 |
1 |
|
|a Yang, Bai.
|
| 700 |
1 |
|
|a Heling, Wei.
|
| 700 |
1 |
|
|a Lu, Xun,
|d 1881-1936.
|t Zhu fu.
|
| 700 |
1 |
|
|a Hu, Sang.
|
| 710 |
2 |
|
|a China Film Export-Import Corporation.
|
| 710 |
2 |
|
|a China Video Movies Distributing Co.
|
| 740 |
0 |
|
|a New year sacrifice.
|
| 830 |
|
0 |
|a China video movies.
|
| 999 |
|
|
|a MARS
|
| 999 |
f |
f |
|s f7e0382c-bb42-392f-aceb-cc1365c51d75
|i 2d4ecb88-52b8-3c40-8bcf-b88b96499a3d
|t 0
|
| 952 |
f |
f |
|p ric
|a Texas A&M University
|b Rellis Campus
|c Joint Library Facility
|d Remote Storage
|t 0
|e PN1995.9.F67 C48 1983
|h Library of Congress classification
|i video -- videocassette
|m A14826970319
|
| 998 |
f |
f |
|a PN1995.9.F67 C48 1983
|t 0
|l Remote Storage
|